<?xml version="1.0" encoding="UTF-8"?>
<record
    xmlns:xsi="http://www.w3.org/2001/XMLSchema-instance"
    xsi:schemaLocation="http://www.loc.gov/MARC21/slim http://www.loc.gov/standards/marcxml/schema/MARC21slim.xsd"
    xmlns="http://www.loc.gov/MARC21/slim">

  <leader>01251nam a2200181Ia 4500</leader>
  <controlfield tag="008">151202s9999||||xx |||||||||||||| ||und||</controlfield>
  <datafield tag="082" ind1=" " ind2=" ">
    <subfield code="b">PNVM-124756</subfield>
  </datafield>
  <datafield tag="100" ind1=" " ind2=" ">
    <subfield code="a">&#x92E;&#x93E;&#x927;&#x935;&#x93E;&#x928;&#x902;&#x926; &#x921;&#x949;. &#x92E;&#x93E;&#x927;&#x935; &#x928;&#x917;&#x930;&#x915;&#x930; &#x938;&#x94D;&#x935;&#x93E;&#x92E;&#x940; &#x938;&#x94D;&#x935;&#x930;&#x942;&#x92A;&#x93E;&#x928;&#x902;&#x926; &#x92A;&#x93E;&#x935;&#x938; &#x92F;&#x93E;&#x902;&#x91A;&#x947; &#x909;&#x924;&#x94D;&#x924;&#x930;&#x93E;&#x927;&#x93F;&#x915;&#x93E;&#x930;&#x940;    </subfield>
  </datafield>
  <datafield tag="245" ind1=" " ind2=" ">
    <subfield code="a">&#x917;&#x91C;&#x93E;&#x928;&#x928; &#x935;&#x93F;&#x91C;&#x92F; &#x92D;&#x915;&#x94D;&#x924;&#x93F;&#x930;&#x938;&#x93E;&#x938;&#x94D;&#x935;&#x93E;&#x926; </subfield>
  </datafield>
  <datafield tag="260" ind1=" " ind2=" ">
    <subfield code="b">&#x938;&#x94D;&#x935;&#x930;&#x942;&#x92A;&#x92F;&#x94B;&#x917; &#x92A;&#x94D;&#x930;&#x924;&#x93F;&#x937;&#x94D;&#x920;&#x93E;&#x928; &#x96E;&#x96E;&#x96B;/&#x969; &#x936;&#x93F;&#x935;&#x93E;&#x91C;&#x940;&#x928;&#x917;&#x930; &#x92D;&#x93E;&#x902;&#x921;&#x93E;&#x930;&#x915;&#x930; &#x930;&#x94B;&#x921; &#x917;&#x932;&#x94D;&#x932;&#x940; &#x96C; &#x92A;&#x941;&#x923;&#x947; &#x96A;&#x967;&#x967; </subfield>
  </datafield>
  <datafield tag="260" ind1=" " ind2=" ">
    <subfield code="c">2013 </subfield>
  </datafield>
  <datafield tag="300" ind1=" " ind2=" ">
    <subfield code="a">404</subfield>
  </datafield>
  <datafield tag="600" ind1=" " ind2=" ">
    <subfield code="a">&#x92E;&#x93E;&#x927;&#x935;&#x93E;&#x928;&#x902;&#x926; &#x921;&#x949;. &#x92E;&#x93E;&#x927;&#x935; &#x928;&#x917;&#x930;&#x915;&#x930; &#x938;&#x94D;&#x935;&#x93E;&#x92E;&#x940; &#x938;&#x94D;&#x935;&#x930;&#x942;&#x92A;&#x93E;&#x928;&#x902;&#x926; &#x92A;&#x93E;&#x935;&#x938; &#x92F;&#x93E;&#x902;&#x91A;&#x947; &#x909;&#x924;&#x94D;&#x924;&#x930;&#x93E;&#x927;&#x93F;&#x915;&#x93E;&#x930;&#x940;    </subfield>
  </datafield>
  <datafield tag="630" ind1=" " ind2=" ">
    <subfield code="a">&#x917;&#x91C;&#x93E;&#x928;&#x928; &#x935;&#x93F;&#x91C;&#x92F; &#x92D;&#x915;&#x94D;&#x924;&#x93F;&#x930;&#x938;&#x93E;&#x938;&#x94D;&#x935;&#x93E;&#x926; </subfield>
  </datafield>
  <datafield tag="700" ind1=" " ind2=" ">
    <subfield code="a">&#x92E;&#x93E;&#x927;&#x935;&#x93E;&#x928;&#x902;&#x926; &#x921;&#x949;. &#x92E;&#x93E;&#x927;&#x935; &#x928;&#x917;&#x930;&#x915;&#x930; &#x938;&#x94D;&#x935;&#x93E;&#x92E;&#x940; &#x938;&#x94D;&#x935;&#x930;&#x942;&#x92A;&#x93E;&#x928;&#x902;&#x926; &#x92A;&#x93E;&#x935;&#x938; &#x92F;&#x93E;&#x902;&#x91A;&#x947; &#x909;&#x924;&#x94D;&#x924;&#x930;&#x93E;&#x927;&#x93F;&#x915;&#x93E;&#x930;&#x940;    </subfield>
  </datafield>
  <datafield tag="730" ind1=" " ind2=" ">
    <subfield code="a">&#x917;&#x91C;&#x93E;&#x928;&#x928; &#x935;&#x93F;&#x91C;&#x92F; &#x92D;&#x915;&#x94D;&#x924;&#x93F;&#x930;&#x938;&#x93E;&#x938;&#x94D;&#x935;&#x93E;&#x926; </subfield>
  </datafield>
  <datafield tag="942" ind1=" " ind2=" ">
    <subfield code="c">BOOK</subfield>
  </datafield>
  <datafield tag="999" ind1=" " ind2=" ">
    <subfield code="c">1354883</subfield>
    <subfield code="d">1354880</subfield>
  </datafield>
  <datafield tag="952" ind1=" " ind2=" ">
    <subfield code="0">0</subfield>
    <subfield code="1">0</subfield>
    <subfield code="4">0</subfield>
    <subfield code="7">0</subfield>
    <subfield code="a">PNVM</subfield>
    <subfield code="b">PNVM</subfield>
    <subfield code="d">2015-08-04</subfield>
    <subfield code="g">200.00</subfield>
    <subfield code="l">0</subfield>
    <subfield code="o">PNVM-124756</subfield>
    <subfield code="p">PNVM-124756</subfield>
    <subfield code="r">2015-12-02 00:00:00</subfield>
    <subfield code="v">200.00</subfield>
    <subfield code="w">2015-12-02</subfield>
    <subfield code="y">BOOK</subfield>
  </datafield>
</record>
